The Principles and Processes of Interactive Design

Saved in:
Bibliographic Details
Main Author: Jamie Steane
Format: Book
Published: Bloomsbury
Subjects:
Tags: Add Tag
No Tags, Be the first to tag this record!

MARC

LEADER 00000nam a2200000Ia 4500
005 20260427112707.0
526 |b Immersive Arts 
100 |a Jamie Steane 
020 |a 9781350258563 
650 |a Design 
526 |a Masters 
942 |c BK 
245 |a The Principles and Processes of Interactive Design 
260 |b Bloomsbury  
999 |c 72  |d 72 
952 |0 0  |1 0  |4 0  |7 0  |8 4  |a BRISTOL  |b BRISTOL  |d 2026-04-22  |l 0  |p 000119  |r 2026-04-27 11:27:07  |w 2026-04-27  |y BK